Statistics for Boroughs of New York City

Click here to take the quiz!

General Stats

  • This quiz has been taken 31,362 times
  • The average score is 4 of 5

Answer Stats

Borough % Correct
Manhattan
94%
Queens
84%
Brooklyn
82%
The Bronx
80%
Staten Island
63%

Score Distribution

Percentile by Number Answered

Percent of People with Each Score

Your Score History

You have not taken this quiz